000 01019nam a2200265Ia 4500
003 OSt
005 20220923210931.0
006 a|||||r|||| 00| 0
007 ta
008 220922b |||||||| |||| 00| 0 hin d
020 _a8121400064 (hbk)
_c125
024 _a317,512
037 _b80, 15/03/2017, Mallika Books
_cTextual
040 _aARTS
_cARTS
_bhin
041 _2hin
_ahin
082 _aO152:f, P8
100 _aजैन, रवीन्द्र कुमार, ले.
_9156359
245 0 _aसाहित्यिक अनुसंधान के आयाम
246 _aSāhityik anusandhān ke āyāma
260 _aनयी दिल्ली
_b नेशनल पब्लिशिंग हाउस
_c2008
300 _a94पृ.
_ccm.
650 _aसाहित्यिक अनुसंधान
_9156360
942 _hO152:f, P8
_cTEXL
_2CC
999 _c293035
_d293035